KOHA-Header-6

استعراج نفس (Record no. 14057)

000 -LEADER
fixed length control field 00405nam a22001217a 4500
020 ## - INTERNATIONAL STANDARD BOOK NUMBER
ISBN 9786277523077
100 ## - MAIN ENTRY--AUTHOR NAME
Personal name ماخوذ از مثنوی مولانا رومی تشریح ملک محمد عثمان
245 ## - TITLE STATEMENT
Title استعراج نفس
250 ## - EDITION STATEMENT
Edition statement جلد اول (دفتر اول ودوم)
260 ## - PUBLICATION, DISTRIBUTION, ETC. (IMPRINT)
Place of publication پاکستان
Name of publisher دارلالحکمہ خالدیہ
Year of publication 2024
300 ## - PHYSICAL DESCRIPTION
Number of Pages صفحات 195
942 ## - ADDED ENTRY ELEMENTS (KOHA)
Koha item type Books
Holdings
Withdrawn status Lost status Collection code Permanent Location Current Location Shelving location Date acquired Accession Number Koha item type
    Urdu Literature MAJU MAJU Shelf No.A12 2025-09-04 11132 Books

Powered by Koha